[Event "Bastia (France)"]
[Site "?"]
[Date "2004.11.02"]
[Round "2"]
[White "Rublevsky Sergei"]
[Black "Topalov Veselin"]
[Result "1-0"]
[WhiteElo "2649"]
[BlackElo "2757"]
[PlyCount "51"]
[EventDate "2004.??.??"]
[Source "www.chesslib.no"]
[SourceDate "2004.05.04"]

1. e4 c5 2. Nf3 e6 3. c3 Nf6 4. e5 Nd5 5. Bc4 d6 6. d4 cxd4 7. cxd4 Nb6 8. Bd3 dxe5 9. dxe5 Na6 10. Qe2 Nc4 11. O-O Nc5 12. Bd2 h5 13. Bg5 Bd7 14. Nc3 Be7 15. Nd4 O-O 16. Qxh5 g6 17. Qh6 Re8 18. Nf3 Bf8 19. Qh3 Bg7 20. Bh6 Qe7 21. Bxg7 Ba4 22. Nxa4 b6 23. Qh4 Nd7 24. Qf4 Nb8 25. Ng5 Nc6 26. Nxe6 1-0

[Event "Poikovsky Karpov 5th"]
[Site "Poikovsky"]
[Date "2004.03.22"]
[Round "5"]
[White "Bologan, Viktor"]
[Black "Malakhov, Vladimir"]
[Result "1/2-1/2"]
[WhiteElo "2679"]
[BlackElo "2700"]
[PlyCount "97"]
[EventDate "2004.03.17"]
[Source "ChessBase"]
[SourceDate "2004.06.01"]

1. e4 c5 2. Nf3 Nc6 3. c3 d5 4. exd5 Qxd5 5. d4 e6 6. Na3 Nf6 7. Be2 cxd4 8. Nb5 Qd8 9. O-O a6 10. Nbxd4 Nxd4 11. cxd4 Bd7 12. Ne5 Bb5 13. Bxb5+ axb5 14. Qb3 Qd5 15. Bg5 Be7 16. Bxf6 Bxf6 17. Qxd5 exd5 18. Rfe1 O-O 19. Nd7 Rfd8 20. Nxf6+ gxf6 21. Re7 Rdc8 22. Kf1 Rc2 23. b3 Rd2 24. Ke1 Rxd4 25. Ke2 b6 26. Ke3 Rg4 27. g3 Rc8 28. Rd1 Kf8 29. Rd7 Re4+ 30. Kf3 Rc2 31. R1xd5 Ree2 32. Kg4 Rxf2 33. h4 Rc3 34. Rxb5 Rff3 35. Rd4 Rxg3+ 36. Kf5 Rg2 37. a4 h5 38. Kxf6 Rg6+ 39. Ke5 Re3+ 40. Kd5 Rc3 41. Rf4 Ke7 42. Kd4 Rcg3 43. Kc4 R3g4 44. Rbf5 Rxf4+ 45. Rxf4 Ke6 46. Re4+ Kd6 47. Rd4+ Kc6 48. Rf4 f5 49. Rxf5 1/2-1/2

[Event "Dortmund"]
[Site "?"]
[Date "1992.??.??"]
[Round "?"]
[White "Ivanchuk, V."]
[Black "Shirov, A."]
[Result "1/2-1/2"]
[WhiteElo "2720"]
[BlackElo "2655"]
[PlyCount "69"]
[EventDate "1992.??.??"]
[Source "ChessBase"]
[SourceDate "1992.02.01"]

1. e4 c5 2. Nf3 e6 3. c3 d5 4. exd5 exd5 5. d4 Nc6 6. Bb5 Bd6 7. dxc5 Bxc5 8. O-O Nge7 9. Nbd2 Bg4 10. Qa4 Bh5 11. Qh4 Bg6 12. Nb3 Bb6 13. Nfd4 O-O 14. Be3 a6 15. Be2 Ne5 16. Rad1 Rc8 17. Rfe1 Re8 18. Nf3 Bxe3 19. Nxe5 Bb6 20. Bg4 Nf5 21. Qh3 Qg5 22. Nf3 Qf6 23. Nbd4 Nxd4 24. Bxc8 Nxf3+ 25. gxf3 Rxe1+ 26. Rxe1 h5 27. Bxb7 Qg5+ 28. Qg3 Qd2 29. Re5 Qc1+ 30. Kg2 Bd3 31. h4 Bc7 32. Bxd5 Bxe5 33. Qxe5 Qf1+ 34. Kh2 Qxf2+ 35. Kh1 1/2-1/2

[Event "Dos Hermanas"]
[Site "?"]
[Date "1994.??.??"]
[Round "?"]
[White "Karpov, An"]
[Black "Polgar, Judit"]
[Result "1-0"]
[WhiteElo "2740"]
[BlackElo "2630"]
[PlyCount "83"]
[EventDate "1994.??.??"]
[Source "ChessBase"]
[SourceDate "1994.02.01"]

1. e4 c5 2. c3 d6 3. d4 Nf6 4. Bd3 Qc7 5. Nf3 g6 6. O-O Bg7 7. Bf4 O-O 8. Nbd2 Nbd7 9. Re1 e5 10. dxe5 dxe5 11. Bg3 Nh5 12. a4 b6 13. a5 bxa5 14. Qa4 Nb6 15. Qxa5 Bg4 16. Be2 Rfd8 17. Nc4 Nf4 18. Bxf4 exf4 19. e5 h6 20. Nd6 Rd7 21. h3 Be6 22. Ne4 Bd5 23. Nxc5 Re7 24. Na6 Qb7 25. Nb4 Bc4 26. Bd1 Rc8 27. Nd4 Nd7 28. Bf3 Qc7 29. Nbc6 Nxe5 30. Nxe7+ Qxe7 31. Qxa7 Rc7 32. Qb8+ Kh7 33. Be4 Qd7 34. Nf3 Nc6 35. Bxc6 Qxc6 36. Ra8 h5 37. Re8 g5 38. Ne5 Bxe5 39. Rxe5 f6 40. Ra7 Rxa7 41. Qxa7+ Kg6 42. Re7 1-0

[Event "Monaco MNC"]
[Site "Monaco MNC"]
[Date "1994.??.??"]
[Round "9"]
[White "Nunn, John D M"]
[Black "Kramnik, Vladimir"]
[Result "1/2-1/2"]
[WhiteElo "2605"]
[BlackElo "2710"]
[PlyCount "97"]
[EventDate "1994.??.??"]
[Source "www.chesslib.no"]
[SourceDate "2004.05.04"]

1. e4 c5 2. c3 Nf6 3. e5 Nd5 4. Nf3 Nc6 5. Bc4 Nb6 6. Bb3 c4 7. Bc2 g6 8. O-O Bg7 9. Re1 d6 10. exd6 Qxd6 11. Na3 O-O 12. b3 Be6 13. Ng5 Bd5 14. Qg4 cxb3 15. axb3 h6 16. Ne4 Qd7 17. Qxd7 Nxd7 18. d4 f5 19. Ng3 e5 20. dxe5 Ndxe5 21. Nb5 Rfd8 22. Bf4 a6 23. Nc7 Rac8 24. Nxd5 Rxd5 25. Rad1 Rcd8 26. Rxd5 Rxd5 27. Rd1 Ra5 28. h4 h5 29. Ne2 Ra2 30. Rc1 Bf8 31. b4 Rb2 32. Kf1 Nc4 33. Bg5 N6e5 34. Nf4 Kf7 35. Nd3 Nxd3 36. Bxd3 Ne5 37. Be2 Be7 38. Bf4 Bf6 39. Rd1 b6 40. g3 Bh8 41. c4 Rc2 42. b5 a5 43. Rc1 a4 44. Bd3 Kg7 45. Re1 a3 46. Rd1 Kf8 47. Rb1 Kg7 48. Rb3 Kf8 49. Rb1 1/2-1/2

[Event "Dos Hermanas"]
[Site "Dos Hermanas"]
[Date "1995.??.??"]
[Round "5"]
[White "Adams, Michael"]
[Black "Lautier, Joel"]
[Result "1/2-1/2"]
[WhiteElo "2655"]
[BlackElo "2655"]
[PlyCount "55"]
[EventDate "1995.04.??"]
[Source "ChessBase"]

1. e4 c5 2. Nf3 e6 3. c3 d5 4. exd5 exd5 5. d4 Nc6 6. Bb5 Bd6 7. Be3 c4 8. b3 cxb3 9. axb3 Nge7 10. O-O O-O 11. Re1 h6 12. h3 Bf5 13. Nbd2 Ng6 14. Nf1 a6 15. Bd3 Be4 16. Bc1 Re8 17. Bxe4 dxe4 18. N3d2 f5 19. Nc4 Bf4 20. Nce3 Qg5 21. Ng3 Nh4 22. Nd5 Bxc1 23. Qxc1 Rad8 24. Qxg5 hxg5 25. Nb6 Na7 26. Rad1 Nb5 27. Na4 Nd6 28. Nf1 1/2-1/2

[Event "Tournament of Stars"]
[Site "?"]
[Date "1979.??.??"]
[Round "?"]
[White "Hort Vlastimil"]
[Black "Karpov Anatoly"]
[Result "1/2-1/2"]
[WhiteElo "2600"]
[BlackElo "2705"]
[PlyCount "28"]
[EventDate "1979.??.??"]
[Source "www.chesslib.no"]
[SourceDate "2004.05.04"]

1. e4 c5 2. Nf3 e6 3. c3 d5 4. exd5 exd5 5. d4 Nf6 6. Be2 Be7 7. O-O O-O 8. dxc5 Bxc5 9. Bg5 Be7 10. Nbd2 Nc6 11. Nb3 Re8 12. Re1 Bg4 13. Nfd4 Bxe2 14. Qxe2 Qd7 1/2-1/2

[Event "Arctic Chess Challenge"]
[Site "Tromso NOR"]
[Date "2007.08.11"]
[Round "8"]
[White "Gashimov, V."]
[Black "Moiseenko, A1."]
[Result "1/2-1/2"]
[WhiteElo "2655"]
[BlackElo "2641"]
[PlyCount "69"]
[EventDate "2007.08.04"]
[Source "www.chesslib.no"]
[SourceDate "2004.05.04"]

1. e4 c5 2. Nf3 Nc6 3. c3 Nf6 4. e5 Nd5 5. d4 cxd4 6. Bc4 e6 7. cxd4 d6 8. O-O Be7 9. exd6 Qxd6 10. Nc3 O-O 11. Re1 b6 12. Ne4 Qd8 13. a3 Bb7 14. Ba2 Bf6 15. Qd3 Nce7 16. Ne5 Ng6 17. Nxf6+ Nxf6 18. Bg5 Bd5 19. Bb1 Qc7 20. Qg3 Rfc8 21. Bd3 Qb7 22. Bxf6 gxf6 23. Ng4 f5 24. Ne5 Kh8 25. Rac1 Rxc1 26. Rxc1 Rc8 27. Rxc8+ Qxc8 28. Nxf7+ Kg7 29. Nd6 Qc1+ 30. Bf1 Qxb2 31. h4 h5 32. Ne8+ Kf7 33. Nd6+ Kg7 34. Ne8+ Kf7 35. Nd6+ 1/2-1/2

[Event "Yerevan"]
[Site "Yerevan"]
[Date "1996.??.??"]
[Round "8"]
[White "Hracek, Zbynek"]
[Black "Akopian, Vladimir"]
[Result "0-1"]
[WhiteElo "2650"]
[BlackElo "2620"]
[PlyCount "84"]
[EventDate "1996.04.??"]
[Source "ChessBase"]

1. e4 c5 2. Nf3 Nc6 3. c3 Nf6 4. e5 Nd5 5. d4 cxd4 6. Bc4 e6 7. cxd4 d6 8. O-O Nb6 9. Bd3 Nb4 10. Be2 dxe5 11. Nxe5 Nc6 12. Nxc6 bxc6 13. Bf4 Be7 14. Nc3 O-O 15. Rc1 Bd7 16. Ne4 Nd5 17. Be5 Qb6 18. Nc5 Rfd8 19. Qc2 Be8 20. a3 f6 21. Na4 Qb7 22. Bg3 Nb6 23. Nc5 Bxc5 24. dxc5 Nd5 25. Bd3 Bg6 26. Bxg6 hxg6 27. Qxg6 e5 28. h4 a5 29. Rc4 Rdb8 30. Rc2 Qf7 31. Qxf7+ Kxf7 32. Re1 Rb3 33. Re4 Rab8 34. Ra4 R8b5 35. h5 Kg8 36. Kh2 Kh7 37. Kh3 Nf4+ 38. Kg4 Ne6 39. Rd2 Rxc5 40. f3 e4 41. Bd6 Rg5+ 42. Kh4 Rd3 0-1